01131na a2200301 450000100060000000300080000600500170001400800410003102000150007203500100008704000250009708200220012209000210014410000210016524500800018626000690026630000440033549000730037950000490045250400290050165000390053065000400056965000560060970000330066594200130069895201030071199900150081412561MIRAKIL20181213154948.0160805b tu 000 0  a9754588333 a12561 aMilasbturcTR-AnCHP a338.19bB66d 2006 a338.19 B66d 2006 aBrown, Lester R. aDünyayı nasıl tükettik?cLester R. Brown ; Çeviren, M. Fehmi İmre aİstanbulbTürkiye iş bankası kültür yayınlarıc2006 axvi, 230 s.bres., şkl., tbl.c20 sm. aTürkiye İş Bankası Kültür yayınlarıvGenel yayın: 1015 aÖzgün yapıt adı : Outgrowing the earth aKaynakça ve dizin var. aYiyecek arzıxTarım ürünleri aGıda sağlamaxDevlet politikası aBesin ürünlerixKüresel ısınmanın etkileri aİmre, Mehmet FehmieÇev. 2ddccBKS a0001b0001d2016-07-25e2l0o338.19 B66d 2006p000099r2016-07-25 00:00:00v0.00w2016-07-25yBKS c3959d3959